[Event "Ceara-ch 2019"]
[Site "Fortaleza"]
[Date "2019.11.19"]
[Round "2.4"]
[White "Silveira, Jose Wanderley Macie"]
[Black "Pereira, Silvio Cunha"]
[Result "0-1"]
[WhiteElo "1762"]
[BlackElo "2201"]
[Annotator "TA"]
[PlyCount "74"]
[EventDate "2019.11.17"]
[EventType "tourn"]
[EventCountry "BRA"]
[SourceTitle "playchess.com"]
[Source "ChessBase"]
[SourceQuality "1"]

{[%evp 12,74,0,0,14,33,60,62,73,16,64,0,46,-63,-70,-87,-91,-104,-46,-42,-40,-54,-48,-90,-92,-98,-95,-114,-87,-136,-105,-139,-141,-149,-137,-149,-136,-140,-133,-250,-242,-314,-313,-291,-301,-283,-122,-123,-123,-123,-104,-158,-155,-156,-160,-167,-131,-143,-121,-189,-176,-591,-572,-562,-537]} 1. e4 e5 2. Nf3 Nc6 3. d4 exd4 4. Nxd4 Bc5 5. Nb3 Bb6 6. Nc3 d6 7. Qe2 Be6 {C45: Scotch Game} (7... Nge7 8. Be3 O-O 9. O-O-O f5 10. f4 fxe4 11. g3 Bxe3+ 12. Qxe3 Nf5 13. Bc4+ Kh8 14. Qe2 e3 15. Rhf1 {1-0 (39) Navara,D (2739)-Laznicka,V (2670) Prague 2019}) 8. Be3 Ne5 9. Bxb6 $146 ({Predecessor:} 9. O-O-O Nf6 10. f3 O-O 11. Bxb6 axb6 12. g4 Bc4 13. Qe3 b5 14. g5 b4 15. gxf6 bxc3 16. Qxc3 Bxb3 17. fxg7 Kxg7 {1-0 (52) Holtman,T (2205)-Koval,J (1858) Liptovsky Mikulas 2016}) 9... axb6 {White is slightly better.} 10. f3 ({White should play} 10. f4 $16 Nc6 11. O-O-O) 10... Ne7 11. Qe3 (11. f4 $14 N5c6 12. O-O-O) 11... N7c6 12. Nd4 (12. O-O-O $14) 12... Qh4+ $1 $15 13. g3 {[#]} Nxd4 $1 {[%mdl 512]} 14. O-O-O {[#]} (14. Qxd4 Nxf3+) 14... Qh6 ({Black should try} 14... Nxc2 $1 $17 15. Kxc2 Qe7 16. Bb5+ Nd7) 15. Qxh6 gxh6 16. Rxd4 Nxf3 17. Ra4 Rxa4 18. Nxa4 Ne5 ({Inferior is} 18... Bxa2 19. b3 $16) 19. b3 Rg8 $36 {[%mdl 2048] Black is in control.} 20. Nb2 Rg4 21. Bg2 h5 22. Nd3 Nxd3+ 23. cxd3 $17 {[%mdl 4096] Endgame KRB-KRB} h4 24. Bf3 {[#]} Rg6 $1 25. Rg1 {[#]} (25. gxh4 $17 Rf6 26. Be2) 25... Rf6 $1 $19 {[%cal Rf6f3]} 26. Bd1 h3 27. Re1 Rf2 28. Re2 Rg2 (28... Rf1 $19 {and Black stays clearly on top. Strongly threatening ...Bg4.} 29. Kc2 Bg4) 29. Rd2 $17 Rg1 30. Kc2 Ke7 31. Rf2 (31. Bf3 $142) 31... c5 32. Kd2 b5 {[%cal Bb6b5,Bb5b4][%mdl 32]} 33. Bf3 b4 34. Ke3 b5 35. Be2 (35. Rc2 $17 {is a better defense.}) 35... Rc1 $19 36. Kd2 $2 (36. d4 {is a better chance.}) 36... Ra1 37. Ke3 Rxa2 {Accuracy: White = 31%, Black = 58%.} 0-1

[Event "Ceara-ch 2019"]
[Site "Fortaleza"]
[Date "2019.11.19"]
[Round "2.5"]
[White "Palacio, Igor Da Paz"]
[Black "Parente, Renan Braz"]
[Result "1/2-1/2"]
[WhiteElo "2160"]
[BlackElo "2219"]
[Annotator "ChessBase"]
[PlyCount "141"]
[EventDate "2019.11.17"]
[EventType "tourn"]
[EventCountry "BRA"]
[SourceTitle "playchess.com"]
[Source "ChessBase"]
[SourceQuality "1"]
[TimeControl "5400+30"]

1. e4 {[%emt 0:00:00]} e6 {[%emt 0:00:00]} 2. d3 {[%emt 0:00:17]} d5 {[%emt 0:00:00]} 3. Nd2 {[%emt 0:00:20]} Nf6 {[%emt 0:00:00]} 4. Ngf3 {[%emt 0:01:07]} c5 {[%emt 0:00:47]} 5. g3 {[%emt 0:01:05]} Nc6 {[%emt 0:00:08]} 6. Bg2 {[%emt 0:00:10]} Be7 {[%emt 0:00:11]} 7. O-O {[%emt 0:00:07]} O-O {[%emt 0:00:09]} 8. Re1 {[%emt 0:00:28]} b5 {[%emt 0:00:10]} 9. a3 {[%emt 0:01:46]} Bb7 {[%emt 0:01:26]} 10. e5 {[%emt 0:05:50]} Nd7 {[%emt 0:00:09]} 11. h4 {[%emt 0:02:51]} Qc7 {[%emt 0:01:15]} 12. Qe2 {[%emt 0:00:27]} Rfc8 {[%emt 0:01:35]} 13. c3 {[%emt 0:08:44]} a5 {[%emt 0:01:42]} 14. Nf1 {[%emt 0:09:01]} d4 {[%emt 0:03:36]} 15. a4 {[%emt 0:02:51]} dxc3 {[%emt 0:01:45]} 16. bxc3 {[%emt 0:01:41]} b4 {[%emt 0:00:05]} 17. Bb2 {[%emt 0:01:31]} bxc3 {[%emt 0:04:52]} 18. Bxc3 {[%emt 0:00:07]} Nb6 {[%emt 0:00:16]} 19. Ne3 {[%emt 0:01:14]} Nb4 {[%emt 0:01:59]} 20. Nc4 {[%emt 0:08:36]} Bc6 {[%emt 0:13:48]} 21. Nxb6 {[%emt 0:08:34]} Qxb6 {[%emt 0:00:24]} 22. Red1 {[%emt 0:12:16]} Qa6 {[%emt 0:05:20]} 23. Ne1 {[%emt 0:03:07]} Bxg2 {[%emt 0:01:25]} 24. Nxg2 {[%emt 0:03:47]} Nd5 {[%emt 0:07:06]} 25. Be1 {[%emt 0:02:06]} c4 {[%emt 0:54:22]} 26. dxc4 {[%emt 0:00:23]} Qxc4 {[%emt 0:00:00]} 27. Qf3 {[%emt 0:02:09]} Bb4 {[%emt 0:00:00]} 28. Ne3 {[%emt 0:01:53]} Nxe3 {[%emt 0:00:00]} 29. Qxe3 {[%emt 0:00:11]} Qc5 {[%emt 0:00:00]} 30. Qxc5 {[%emt 0:04:41]} Rxc5 {[%emt 0:00:00]} 31. Bxb4 {[%emt 0:05:24]} axb4 {[%emt 0:00:00]} 32. Rdb1 {[%emt 0:00:48]} Rb8 {[%emt 0:00:00]} 33. a5 {[%emt 0:01:44]} Rxe5 {[%emt 0:00:00]} 34. a6 {[%emt 0:00:39]} Reb5 {[%emt 0:00:00]} 35. a7 {[%emt 0:01:19]} Ra8 {[%emt 0:00:00]} 36. Ra4 {[%emt 0:01:28]} f6 {[%emt 0:00:00]} 37. Rbxb4 {[%emt 0:01:28]} Rxb4 {[%emt 0:00:00]} 38. Rxb4 {[%emt 0:00:04]} Rxa7 {[%emt 0:00:00]} 39. Rb6 {[%emt 0:00:15]} Kf7 {[%emt 0:00:00]} 40. Rc6 {[%emt 0:00:07]} e5 {[%emt 0:00:00]} 41. Rb6 {[%emt 0:00:20]} Kg6 {[%emt 0:00:00]} 42. Kg2 {[%emt 0:00:20]} Kf5 {[%emt 0:00:00]} 43. Rb4 {[%emt 0:01:01]} g6 {[%emt 0:00:00]} 44. Rb5 {[%emt 0:01:53]} Ra6 {[%emt 0:00:00]} 45. Rb7 {[%emt 0:00:06]} h6 {[%emt 0:00:00]} 46. Rh7 {[%emt 0:00:08]} h5 {[%emt 0:00:00]} 47. Rb7 {[%emt 0:01:00]} Ke6 {[%emt 0:00:00]} 48. Rg7 {[%emt 0:00:15]} Kf5 {[%emt 0:00:00]} 49. Rb7 {[%emt 0:00:05]} Ra2 {[%emt 0:00:00]} 50. Rb6 {[%emt 0:01:36]} e4 {[%emt 0:00:00]} 51. Rb3 {[%emt 0:03:03]} Rd2 {[%emt 0:00:00]} 52. Rb5+ {[%emt 0:01:06]} Ke6 {[%emt 0:00:00]} 53. Rb8 {[%emt 0:00:30]} f5 {[%emt 0:00:00]} 54. Kf1 {[%emt 0:01:13]} Kf7 {[%emt 0:00:00]} 55. Rb6 {[%emt 0:00:35]} Rd3 {[%emt 0:00:00]} 56. Kg2 {[%emt 0:00:53]} f4 {[%emt 0:00:00]} 57. Rb4 {[%emt 0:01:38]} f3+ {[%emt 0:00:00]} 58. Kh3 {[%emt 0:01:31]} Rd1 {[%emt 0:00:00]} 59. Kh2 {[%emt 0:00:01]} Re1 {[%emt 0:00:00]} 60. Rb6 {[%emt 0:00:24]} Rf1 {[%emt 0:00:00]} 61. Rb2 {[%emt 0:00:21]} Kg7 {[%emt 0:00:00]} 62. Ra2 {[%emt 0:00:04]} Re1 {[%emt 0:00:00]} 63. g4 {[%emt 0:01:13]} hxg4 {[%emt 0:02:51]} 64. Kg3 {[%emt 0:00:39]} Re2 {[%emt 0:03:30]} 65. Ra3 {[%emt 0:01:15]} e3 {[%emt 0:00:34]} 66. Kxg4 {[%emt 0:00:24]} exf2 {[%emt 0:02:11]} 67. Rxf3 {[%emt 0:00:10]} Kh6 {[%emt 0:00:21]} 68. Rf8 {[%emt 0:00:58]} Kg7 {[%emt 0:02:34]} 69. Rf3 {[%emt 0:00:02]} Ra2 {[%emt 0:01:48]} 70. Kg3 {[%emt 0:00:04]} Kh6 {[%emt 0:00:23]} 71. Rxf2 {[%emt 0:00:23]} 1/2-1/2

[Event "Ceara-ch 2019"]
[Site "Fortaleza"]
[Date "2019.11.23"]
[Round "3.1"]
[White "Parente, Renan Braz"]
[Black "Da Justa, Saulo Freitas"]
[Result "1/2-1/2"]
[WhiteElo "2219"]
[BlackElo "1911"]
[Annotator "TA"]
[PlyCount "134"]
[EventDate "2019.11.17"]
[EventType "tourn"]
[EventCountry "BRA"]
[SourceTitle "playchess.com"]
[Source "ChessBase"]
[SourceQuality "1"]

{[%evp 10,134,16,16,15,16,20,8,38,34,34,39,41,37,43,42,46,43,43,47,50,43,42,43,43,31,52,39,32,29,62,48,53,47,62,49,81,84,97,97,91,91,94,64,77,7,7,-15,0,-9,-7,-1,0,0,0,-4,0,0,0,-17,0,-19,0,0,95,95,104,81,85,83,88,37,60,53,48,50,47,0,85,68,59,0,75,57,137,137,137,137,137,137,137,137,137,137,137,137,137,137,137,137,137,137,137,137,137,137,137,137,137,137,137,0,0,0,0,0,0,0,0,0,0,0,0,0,0,0,0]} 1. d4 d5 2. Bf4 Nf6 3. e3 e6 4. Nd2 Bd6 5. Ngf3 Bxf4 6. exf4 O-O {D02: 1 d4 d5 2 Nf3 sidelines, including 2...Nf6 3 g3 and 2...Nf6 3 Bf4} 7. Bd3 c5 (7... b6 8. Qe2 a5 9. Ne5 c5 10. c3 Ba6 11. Bxa6 Nxa6 12. O-O Nc7 13. Rad1 Qc8 14. Rfe1 {1-0 (72) Duda,J (2738)-Vitiugov,N (2719) St Petersburg 2018}) 8. dxc5 Qc7 9. g3 Qxc5 10. O-O Nc6 11. c3 b6 12. Qe2 Re8 $146 ({Predecessor:} 12... Bb7 13. Rfe1 Rfe8 14. Nb3 {1-0 (30) Torre,E (2449)-Tran,N (2219) Ho Chi Minh City 2015}) 13. Ne5 Bb7 14. Rad1 Rad8 15. Nb3 Qd6 16. Rfe1 Qc7 17. Rd2 (17. Nxc6 {looks sharper.} Bxc6 18. Nd4 Ba4 19. Rc1 h6 20. Bb1) 17... Nxe5 18. Qxe5 Qxe5 19. fxe5 Nd7 20. Nd4 a6 21. f4 b5 22. h4 Nb6 23. g4 Nc4 24. Rde2 Rb8 25. Kf2 Bc8 26. Kg3 Bd7 27. b4 ({Better is} 27. a3 $16) 27... Nb6 $11 28. f5 Rbc8 29. Rc2 Rc7 30. Kf4 Rec8 31. Rec1 Na4 32. Ne2 Nb6 33. Nd4 Na4 34. Ne2 Nb6 35. a3 Na4 36. f6 Rc6 (36... gxf6 $11 37. exf6 Re8) 37. g5 $16 Be8 38. Ke3 Nb6 39. Nd4 R6c7 40. fxg7 (40. h5 $16) 40... Nd7 41. Nf3 Kxg7 42. Kd4 Nb8 43. Ke3 Nc6 (43... Nd7 $11) 44. Kf4 Ne7 45. Nd4 (45. h5 $14) 45... Nc6 (45... Ng6+ $11 46. Bxg6 hxg6) 46. h5 Nxd4 (46... h6 $14) 47. cxd4 Rxc2 48. h6+ ({And not} 48. Bxc2 h6 $15) 48... Kg8 49. Rxc2 Rxc2 50. Bxc2 {[%mdl 4096] Endgame KB-KB} Bd7 51. Ke3 Be8 52. Bd3 Bd7 53. Kd2 Be8 54. a4 Bd7 55. a5 Be8 56. Ke3 Bd7 57. Kf4 Bc6 58. Be2 Bd7 59. Bg4 Bc8 60. g6 ({White should try} 60. Ke3 $16) 60... fxg6 $11 {The position is equal.} ({Wrong is} 60... hxg6 $2 61. Kg5 $18) 61. Kg5 {[#] Kf6 is the strong threat.} Kf7 62. Be2 Bd7 63. Bd3 Be8 64. Bc2 Ke7 65. Bd3 Bf7 66. Be2 Be8 67. Bd3 Bf7 {Accuracy: White = 62%, Black = 59%.} 1/2-1/2

[Event "Ceara-ch 2019"]
[Site "Fortaleza"]
[Date "2019.11.23"]
[Round "3.2"]
[White "Pereira, Silvio Cunha"]
[Black "Palacio, Igor Da Paz"]
[Result "1/2-1/2"]
[WhiteElo "2201"]
[BlackElo "2160"]
[Annotator "TA"]
[PlyCount "72"]
[EventDate "2019.11.17"]
[EventType "tourn"]
[EventCountry "BRA"]
[SourceTitle "playchess.com"]
[Source "ChessBase"]
[SourceQuality "1"]

{[%evp 11,72,34,82,79,92,38,47,46,53,46,51,39,39,38,40,54,39,20,20,20,25,26,21,25,19,34,33,0,21,21,31,0,0,0,0,0,0,0,0,-22,-33,-19,-26,-24,-18,-10,-14,-99,-14,-62,-58,-63,-15,-65,-65,-68,-63,-70,-63,-110,-70,-124,0]} 1. e4 Nf6 2. e5 Nd5 3. Nf3 d6 4. d4 Bg4 5. Be2 e6 6. O-O Nd7 7. c4 {B05: Alekhine's Defence: 4 Nf3 Bg4} N5b6 8. Ng5 (8. exd6 $16 Bxf3 9. Bxf3 Nxc4 10. dxc7 (10. Bxb7 Rb8 $16) 10... Qxc7 11. b3) 8... Bxe2 $14 9. Qxe2 {White is slightly better.} dxe5 $146 ({Predecessor:} 9... Qe7 10. Nc3 dxe5 11. dxe5 h6 12. Nf3 Qb4 13. Nb5 O-O-O 14. b3 a6 {1-0 (33) Bastian,H (2353)-Barmbold,J (2190) Voelklingen 2003}) 10. dxe5 Be7 11. Nf3 O-O 12. Rd1 Qb8 13. Nc3 {[%cal Bb1c3,Bc3e4,Be4c5][%mdl 32]} Rd8 14. Ne4 Nf8 15. Bg5 Bxg5 16. Nfxg5 h6 17. Nf3 Rxd1+ 18. Rxd1 Qe8 19. Nc5 Qc6 20. b4 Na4 {Strongly threatening ...Nc3.} 21. Nd4 Qe8 $1 {Hoping for ...Nc3.} 22. Nb5 Nxc5 23. Nxc7 {[%mdl 64] [#] Double Attack} Qc8 24. Nxa8 Ncd7 25. Qd2 Qxa8 26. Qd6 a5 $36 {[%mdl 2048] aiming for ...axb4. Black is more active.} 27. b5 {next c5 is good for White.} Qc8 28. Rd4 Kh7 29. Qa3 (29. f4 $11) 29... b6 ({Black should try} 29... Nxe5 $17 30. Qxa5 Nfd7) 30. Qd3+ g6 31. f4 Nc5 32. Qf3 {White wants to play Qc6.} Nfd7 33. Rd6 $1 Qd8 34. g3 Qe7 35. Qc6 Kg7 36. Qc7 {[#]} (36. Qf3 $15) 36... Qf8 {Accuracy: White = 37%, Black = 71%.} ({Black should play} 36... g5 $1 $17 37. Rd2 gxf4 38. gxf4 Kg6) 1/2-1/2

[Event "Ceara-ch 2019"]
[Site "Fortaleza"]
[Date "2019.11.23"]
[Round "3.3"]
[White "Albuquerque Junior, Wellington S."]
[Black "Silveira, Jose Wanderley Macie"]
[Result "1-0"]
[WhiteElo "2213"]
[BlackElo "1762"]
[Annotator "TA"]
[PlyCount "77"]
[EventDate "2019.11.17"]
[EventType "tourn"]
[EventCountry "BRA"]
[SourceTitle "playchess.com"]
[Source "ChessBase"]
[SourceQuality "1"]

{[%evp 12,77,10,10,26,26,39,50,34,10,13,21,25,9,7,5,71,79,92,93,147,64,42,20,30,14,72,72,79,79,81,81,72,79,91,33,61,37,46,28,109,106,145,88,91,91,110,88,113,64,66,62,114,108,96,91,145,143,109,72,206,206,227,232,29964,29965,29973,735]} 1. Nf3 b6 ({Predecessor:} 1... d5 2. b3 Nf6 3. Bb2 g6 4. c4 c5 5. cxd5 Qxd5 6. Nc3 Qd8 7. g3 b6 8. Bg2 Bb7 9. O-O Bg7 10. Rc1 {½-½ (56) Teixeira,R (2227)-Mourao,I (2096) Rio de Janeiro 2013}) 2. g3 Bb7 3. Bg2 Nf6 4. c4 g6 5. b3 Bg7 6. Bb2 O-O 7. O-O d5 $146 {A15: English Opening: 1...Nf6} (7... c5 8. Nc3 Nc6 9. d4 Nxd4 10. Nxd4 Bxg2 {½-½ (10) Safarli,E (2681)-Firouzja,A (2618) Bandar e Anzali 2019}) 8. cxd5 Bxd5 9. Nc3 Bb7 {White is slightly better.} 10. Rc1 c5 11. d4 Na6 12. Na4 {[%cal Rd4c5]} Rc8 13. dxc5 {Threatens to win with Qxd8.} Qxd1 (13... b5 $11 14. Nc3 Rxc5) 14. Rfxd1 $16 b5 15. Nc3 b4 (15... Ne4 $142) 16. Nb5 (16. Na4 $16) 16... Rxc5 $14 17. Rxc5 Nxc5 18. Rc1 Nfd7 (18... Nfe4 $11 {remains equal.} 19. Bxg7 Kxg7) 19. Bxg7 $16 Kxg7 20. Ne5 $1 $36 {[%cal Re5d7][%mdl 2048] Keeping Black busy.} Bxg2 21. Nxd7 Nxd7 22. Kxg2 {[%mdl 4096] Endgame KRN-KRN} a6 23. Nc7 ({White should play} 23. Nd4 $16) 23... a5 $14 24. Nd5 e6 25. Rc7 Ne5 (25... Rd8 $11 26. Ne3 Nb6) 26. Ne3 $16 {[#] aiming for f4.} h5 27. h3 (27. Rc5 $142 Ng4 28. Nc4 (28. Rxa5 Nxe3+ 29. fxe3 Kf6 $14)) 27... g5 28. Rc5 f6 29. Rxa5 Rd8 30. Nc4 (30. Kf1 {with more complications.} Rd2 31. Ra6 Kf7 32. Ke1 Rb2 33. f4) 30... Nxc4 31. bxc4 $14 {[%cal Bb3c4,Bc4c5][%mdl 32] KR-KR} Rc8 ({Better is} 31... Rd2 $14) 32. c5 $16 f5 33. f4 gxf4 ({Black should try} 33... Kf6) 34. gxf4 Kf6 35. Kf3 Rc6 (35... Rb8 $16) 36. e4 $18 e5 37. Rb5 {Rb6 is the strong threat.} exf4 $2 (37... Rc8 $18 38. Rb6+ (38. Rxb4 Rxc5 39. Rb6+ Kf7 $16) 38... Kg7 39. fxe5 Rxc5 40. Rb7+ (40. Rxb4 Rc3+ 41. Kf4 fxe4 $18) (40. exf5 Rxe5 41. Rb7+ Kf6 $16) 40... Kg6 41. Rb6+ (41. Rxb4 Rxe5 42. Kf4 Ra5 $16) 41... Kf7) 38. Rb6 fxe4+ 39. Kxf4 {Accuracy: White = 64%, Black = 32%.} (39. Kxe4 $142 Re6+ {[#]} 40. Kd5 $1 {[%mdl 512]} f3 41. Rxe6+ Kg5 42. Re1 Kh4 43. c6 f2 44. Rc1) 1-0

[Event "Ceara-ch 2019"]
[Site "Fortaleza"]
[Date "2019.11.23"]
[Round "3.4"]
[White "Lima, Helio Viana Correia"]
[Black "Lima, Alan Elkinson Lopes "]
[Result "1/2-1/2"]
[WhiteElo "1950"]
[BlackElo "1928"]
[Annotator "NA RC"]
[PlyCount "61"]
[EventDate "2019.11.17"]
[EventType "tourn"]
[EventCountry "BRA"]
[SourceTitle "playchess.com"]
[Source "ChessBase"]
[SourceQuality "1"]
[TimeControl "5400+30"]

{[%evp 33,61,101,175,157,275,345,315,360,316,330,335,111,113,31,33,33,28,31,50,39,55,-18,-18,-38,-28,-36,-34,-32,-11,-134]} 1. d4 {[%emt 0:00:00]} Nf6 {[%emt 0:00:00]} 2. c4 {[%emt 0:00:00]} e6 {[%emt 0:00:10]} 3. Nf3 {[%emt 0:00:00]} Bb4+ {[%emt 0:00:04]} 4. Nbd2 {[%emt 0:00:15]} b6 {[%emt 0:00:23]} 5. a3 {[%emt 0:00:21]} Bxd2+ {[%emt 0:00:18]} 6. Nxd2 {[%emt 0:00:27]} Bb7 {[%emt 0:01:55] E11: Bogo-Indian} 7. e3 {[%emt 0:00:10]} d6 {[%emt 0:05:25]} 8. Bd3 {[%emt 0:02:50]} Nbd7 {[%emt 0:03:09]} 9. O-O {[%emt 0:05:49]} Qe7 $146 {[%emt 0:03:09]} ({Predecessor:} 9... O-O 10. b4 a5 11. Bb2 axb4 12. axb4 Rxa1 13. Qxa1 Qa8 14. f3 Qxa1 15. Rxa1 {½-½ (51) Demidov,M (2514)-Roy,P (2403) Pardubice 2016}) 10. e4 {[%emt 0:00:30]} e5 {[%emt 0:00:19]} 11. d5 {[%emt 0:00:40]} Nc5 {[%emt 0:05:13]} 12. Bc2 {[%emt 0:00:33]} a5 {[%emt 0:00:08]} 13. b3 {[%emt 0:00:40]} Bc8 {[%emt 0:01:28]} 14. h3 {[%emt 0:00:54]} O-O {[%emt 0:06:21]} 15. Bb2 {[%emt 0:02:14]} Ne8 {[%emt 0:04:56]} 16. f4 {[%emt 0:01:36]} exf4 {[%emt 0:02:31]} 17. Rxf4 {[%emt 0:13:08]} f5 {[%emt 0:03:55]} (17... Nd7 $16 {was necessary.}) 18. Qf3 {[%emt 0:16:06]} fxe4 {[%emt 0:04:38]} (18... g5 $16 {was called for.}) 19. Nxe4 {[%emt 0:01:37]} Rxf4 {[%emt 0:02:57]} 20. Qxf4 {[%emt 0:00:21]} Nxe4 {[%emt 0:00:04]} 21. Bxe4 {[%emt 0:01:08]} Nf6 {[%emt 0:00:40] [#]} 22. Bd3 $2 {[%emt 0:05:03]} (22. Re1 $1 $18 {is the precise move to win.} Nh5 23. Qf1) 22... Bd7 {[%emt 0:01:24]} 23. a4 {[%emt 0:08:19]} (23. Rf1 $16) 23... Re8 {[%emt 0:06:43]} 24. Bd4 {[%emt 0:00:42]} Nh5 $1 {[%emt 0:02:39]} 25. Qf3 {[%emt 0:06:43]} Qh4 {[%emt 0:10:04]} 26. Bf2 {[%emt 0:05:34]} Qg5 {[%emt 0:03:45]} 27. h4 {[%emt 0:00:48]} (27. Rf1 $1 $14) 27... Qg4 {[%emt 0:00:16]} 28. Qxg4 {[%emt 0:01:45]} Bxg4 {[%emt 0:00:06]} 29. g3 {[%emt 0:06:18]} Nf6 {[%emt 0:02:12]} 30. Kg2 {[%emt 0:04:27]} Kf7 {[%emt 0:04:43]} 31. Rf1 $17 {[%emt 0:16:32]} (31. Bd4 $11 {remains equal.}) 1/2-1/2

[Event "Ceara-ch 2019"]
[Site "Fortaleza"]
[Date "2019.11.23"]
[Round "3.5"]
[White "Barreto, Paulo Robson Rodrigu"]
[Black "Brandao, Marcius Gomes"]
[Result "1-0"]
[WhiteElo "1692"]
[BlackElo "2002"]
[Annotator "NA RC"]
[PlyCount "111"]
[EventDate "2019.11.17"]
[EventType "tourn"]
[EventCountry "BRA"]
[SourceTitle "playchess.com"]
[Source "ChessBase"]
[SourceQuality "1"]
[TimeControl "5400+30"]

{[%evp 32,111,41,22,39,28,70,45,62,19,22,0,72,45,63,65,84,81,117,111,285,128,140,106,107,96,97,95,104,104,102,76,76,17,159,180,247,269,398,442,593,672,694,728,32767,771,632,573,330,337,347,367,408,358,419,385,370,422,456,341,547,435,513,566,590,570,482,620,653,686,508,687,607,754,730,751,605,705,773,916,887,999]} 1. e4 {[%emt 0:00:00]} c5 {[%emt 0:06:21]} 2. Nf3 {[%emt 0:00:00]} g6 {[%emt 0:00:05]} 3. c3 {[%emt 0:00:03]} Bg7 {[%emt 0:00:54]} 4. d4 {[%emt 0:00:26]} cxd4 {[%emt 0:00:01]} 5. cxd4 {[%emt 0:00:14]} d5 {[%emt 0:00:02]} 6. e5 {[%emt 0:00:25]} Bg4 {[%emt 0:00:37]} 7. Bb5+ {[%emt 0:01:35]} Nc6 {[%emt 0:01:09]} 8. Bxc6+ {[%emt 0:01:15]} bxc6 {[%emt 0:00:02]} 9. Nbd2 {[%emt 0:00:19]} f6 {[%emt 0:00:56] B27: Sicilian: 2 Nf3, unusual Black 2nd moves} (9... a5 10. h3 Bf5 11. O-O a4 12. Re1 Qb6 13. Nb1 Bd7 14. Nc3 Qa7 15. Bf4 e6 16. Qd2 c5 17. dxc5 Qxc5 {1-0 (53) Berelowitsch,A (2522)-Cicak,S (2512) Germany 2017}) 10. O-O {[%emt 0:07:57]} Nh6 {[%emt 0:04:21]} 11. h3 {[%emt 0:07:46]} Bf5 {[%emt 0:00:40]} 12. exf6 $146 {[%emt 0:02:51]} ({Predecessor:} 12. Re1 O-O 13. g4 Bc8 14. e6 Qd6 15. Qe2 c5 16. dxc5 Qxc5 17. Nb3 {1-0 (71) Gutmakher,O (2226)-Barbier,A (1815) Heraklio 2017}) 12... exf6 {[%emt 0:00:17]} 13. Re1+ {[%emt 0:00:39]} Kf7 {[%emt 0:00:13]} 14. g4 {[%emt 0:00:49]} Bd7 {[%emt 0:00:45]} 15. Nb3 {[%emt 0:03:45]} Re8 {[%emt 0:00:31]} 16. Bf4 {[%emt 0:01:24]} g5 {[%emt 0:08:36]} 17. Bg3 {[%emt 0:03:32]} Rxe1+ {[%emt 0:00:19]} 18. Qxe1 {[%emt 0:00:11]} Bf8 {[%emt 0:00:10]} 19. Qd2 {[%emt 0:01:50]} Kg7 {[%emt 0:01:13]} 20. Rc1 {[%emt 0:06:21]} Nf7 {[%emt 0:00:15]} 21. Nc5 {[%emt 0:02:08]} Nd6 {[%emt 0:05:06]} (21... h5 $11 {remains equal.}) 22. Qc2 {[%emt 0:07:54]} Rc8 {[%emt 0:06:12]} 23. Nd2 {[%emt 0:05:05]} Nb5 {[%emt 0:00:52]} 24. Ndb3 {[%emt 0:03:43]} Bxc5 {[%emt 0:14:40]} 25. Qxc5 {[%emt 0:00:48]} Qf8 {[%emt 0:00:25]} (25... Nc7 $142 26. Re1 (26. Qxa7 Ne6 $16) 26... Ne6) 26. Qxf8+ {[%emt 0:11:26]} (26. a4 $18) 26... Kxf8 {[%emt 0:00:40]} 27. a4 {[%emt 0:00:08]} Nc7 {[%emt 0:01:14]} 28. Bd6+ {[%emt 0:00:57]} Kf7 {[%emt 0:20:02]} 29. Nc5 {[%emt 0:00:16]} Ne8 {[%emt 0:01:20]} 30. Bg3 {[%emt 0:04:54]} ({Reject} 30. Nxd7 $6 Nxd6 31. Kg2 h5 $11) 30... Be6 {[%emt 0:02:13]} 31. Re1 {[%emt 0:04:10]} Ng7 {[%emt 0:00:37]} 32. f4 {[%emt 0:01:38]} f5 {[%emt 0:06:16]} (32... gxf4 $1 $11 33. Bxf4 Rg8) 33. fxg5 {[%emt 0:06:23]} fxg4 {[%emt 0:01:19]} 34. Be5 {[%emt 0:00:15]} Nf5 $2 {[%emt 0:09:26]} (34... Ne8 {is a better defense.} 35. h4 Bf5) 35. hxg4 {[%emt 0:06:42]} Nh4 {[%emt 0:00:48]} 36. Rf1+ {[%emt 0:01:22]} Ke7 {[%emt 0:00:14]} 37. Rf6 {[%emt 0:01:00]} Bf7 {[%emt 0:01:27]} 38. Bd6+ {[%emt 0:00:32]} Ke8 {[%emt 0:00:20]} 39. Rf2 {[%emt 0:00:27]} Ng6 {[%emt 0:01:15]} 40. b4 {[%emt 0:03:21]} Bg8 {[%emt 0:01:35]} 41. a5 {[%emt 0:00:16]} Rd8 {[%emt 0:01:01]} 42. Bc7 {[%emt 0:01:19]} Rc8 {[%emt 0:00:33]} 43. Bg3 {[%emt 0:00:29]} Ke7 {[%emt 0:01:24]} 44. Rf6 {[%emt 0:00:29]} Bf7 {[%emt 0:00:32]} 45. Nb7 {[%emt 0:00:55]} Bg8 {[%emt 0:01:51]} (45... Be6 {was called for.} 46. Bd6+ Kd7) 46. a6 {[%emt 0:00:56]} Kd7 {[%emt 0:01:06]} 47. Nc5+ {[%emt 0:00:24]} Ke7 {[%emt 0:00:12]} 48. Bd6+ {[%emt 0:01:01]} Ke8 {[%emt 0:00:04]} 49. Rf2 {[%emt 0:00:36]} Rd8 {[%emt 0:00:56]} 50. Nb7 {[%emt 0:00:59]} Rc8 {[%emt 0:00:40]} 51. Bc5 {[%emt 0:00:42]} Ra8 {[%emt 0:00:06]} 52. Rf6 {[%emt 0:00:45]} Kd7 {[%emt 0:00:25]} 53. Rd6+ {[%emt 0:00:28]} Kc7 {[%emt 0:00:36]} 54. Na5 {[%emt 0:00:08]} Ne7 {[%emt 0:00:30]} 55. Rf6 {[%emt 0:00:14]} Re8 {[%emt 0:01:43]} 56. Bxa7 $18 {[%emt 0:00:10]} 1-0